000
00319nam a22001457a 4500
003
SGT
020
_a
0706914880
082
_a
070
_b
P80K
100
_a
KAMATH, M.V.
245
_a
PROFESSIONAL JOURNALISM
260
_b
VIKAS PUBLISHING HOUSE PVT. LTD.
_c
1980
300
_a
275
650
_a
JOURNALISM
942
_2
ddc
_c
BK
999
_c
28655
_d
28655